| 000 | 00702nam a22001937a 4500 | ||
|---|---|---|---|
| 999 |
_c9548 _d9548 |
||
| 003 | OSt | ||
| 005 | 20191211191233.0 | ||
| 008 | 180706b ||||| |||| 00| 0 eng d | ||
| 022 | _a0022-0167 | ||
| 082 | _aDPer 361.05 J38 Jan-Apr 2016 v. 63 n.1 -3 | ||
| 100 |
_929598 _aSutter, Megan. |
||
| 245 |
_aDiscrimination, mental health and suicidal ideation among LGBTQ people of color / _cMegan Sutter and Paul B. Perrin. |
||
| 260 |
_aWashington, DC: _bAmerican Psychological Association, _c©2016. |
||
| 300 |
_av63 n1, pages 98-105: _billustrations: _c27cm. |
||
| 650 | 0 |
_929599 _aHomosexuality. |
|
| 700 |
_928383 _aSutter,Megan. _eAuthor. |
||
| 700 |
_928384 _aPerrin,Paul B. _eAuthor. |
||
| 942 |
_2ddc _cPER |
||